|
|
|
|
| LEADER |
00000nam a2200000 a 4500 |
| 001 |
vtls001389013 |
| 003 |
SK-MaSNL |
| 005 |
20260302034549.0 |
| 008 |
240315s2000 xo r slo |
| 015 |
|
|
|a SNBA2000/07-02269
|
| 020 |
|
|
|a 8085402394
|
| 035 |
|
|
|a SNK000343266
|
| 035 |
|
|
|a urn:nbn:sk:snk-amkl4q
|
| 035 |
|
|
|a urn:nbn:sk:snk-am003fy5
|
| 035 |
|
|
|a 8C030F3C-8477-42BB-B42E-87FAF6CE800D
|
| 040 |
|
|
|a SNK
|b slo
|c SNK
|e AACR2
|
| 041 |
0 |
|
|a slo
|
| 044 |
|
|
|a xo
|c SK
|
| 080 |
|
|
|a 34:930.9(079.1)
|2 1981
|
| 100 |
1 |
|
|a Zmeko, Peter
|4 aut
|9 419371
|
| 245 |
1 |
0 |
|a Právo
|b chystáte sa na pohovory? : všetko potrebné pre zvládnutie prijímacích pohovorov na právnické fakulty ... : [školský rok 2000/2001]
|c [autor: Peter Zmeko]
|
| 250 |
|
|
|a 2. vyd.
|
| 260 |
|
|
|a Bratislava
|b Infopress
|c 2000
|
| 300 |
|
|
|a 211 s.
|c 21 cm
|
| 500 |
|
|
|a Údaj o prekl. prevzatý z rubu tit. strany
|
| 650 |
0 |
7 |
|a právo
|x skúšky prijímacie
|x príručky
|2 SNK
|9 382389
|
| 655 |
|
7 |
|a príručky
|2 SNK
|9 74364
|
| 919 |
|
|
|a 80-85402-39-4
|
| 958 |
|
|
|a TL
|
| 999 |
|
|
|c 1066877
|d 1068807
|
| 952 |
|
|
|t P60, <04>, [BOOK], {604}
|a SNK
|b SNK
|y VYP
|7 0
|p 17A0239796
|o snkSC 101653 D1
|i snkKSP 5298/2000
|0 0
|1 0
|4 0
|d 2000-05-22
|l 0
|r 2005-01-02 00:00:00
|w 2026-02-24
|
| 952 |
|
|
|t P60, <03>, [BOOK], {603}
|a SNK
|b SNK
|y PREZ
|7 0
|p 17A0239797
|o snkSC 101653
|i snkKSP 5297/2000
|0 0
|1 0
|4 0
|d 2000-05-22
|f 1
|l 0
|r 2025-09-23 00:00:00
|w 2026-02-24
|